| 000 | 00568nam a22002057a 4500 | ||
|---|---|---|---|
| 999 |
_c8265 _d8265 |
||
| 003 | AR-CdUCM | ||
| 008 | 190322b ||||| |||| 00| 0 spa d | ||
| 040 |
_aMUNICIPALIDAD PROVINCIAL DEL CUSCO _cBIBLIOTECA MUNICIPAL DEL CUSCO |
||
| 082 |
_a869.56 / _bF65 |
||
| 100 |
_aFlorez Ayvar, Jorge _923258 |
||
| 245 |
_aObaydina : _b)poemario) / |
||
| 260 |
_aCusco : _bDon Jaque-Cusco _c1969. |
||
| 300 |
_a14 pginas ; _c21 cm. |
||
| 500 | _aPoemario | ||
| 650 |
_aPoesia _91598 |
||
| 650 |
_aPerĂº _935 |
||
| 650 |
_aLiteratura _983 |
||
| 942 |
_2ddc _cLIBROS |
||
| 945 | _apjha | ||